Biggest Cities in New England - Statistics

General Stats
  • This quiz has been taken 720 times
  • The average score is 10 of 20
Answer Stats
Population Answer % Correct
625,087 Boston
99%
178,042 Providence
87%
124,558 Hartford
84%
129,779 New Haven
71%
109,565 Manchester
66%
153,060 Springfield
65%
181,045 Worcester
61%
144,229 Bridgeport
58%
105,162 Cambridge
54%
106,519 Lowell
44%
122,643 Stamford
44%
86,494 Nashua
37%
95,072 New Bedford
32%
92,271 Quincy
32%
88,857 Fall River
28%
110,336 Waterbury
27%
93,810 Brockton
25%
90,329 Lynn
25%
85,146 Newton
22%
85,603 Norwalk
15%
No matching quizzes found
Score Distribution
Percent of People with Each Score
Percentile by Number Answered
Your Score History
You have not taken this quiz